000 00861cam a22002533a 4500
001 12606
003 PGUSA
005 20140828083254.0
008 040601s2004||||xxu|||||s|||||000 | eng d
040 _aPGUSA
_beng
042 _adc
050 4 _aE300
100 1 _aWhipple, Edwin Percy,
_d1819-1886
245 1 4 _aThe Great Speeches and Orations of Daniel Webster :
_bWith an Essay on Daniel Webster as a Master of English Style
_h[electronic resource] /
_cEdwin Percy Whipple
260 _bProject Gutenberg,
_c2004
506 _aPublic domain in the USA.
516 _aElectronic text
653 _aWebster, Daniel, 1782-1852
653 _aSpeeches, addresses, etc., American
653 _aUnited States -- Politics and government -- 1815-1861
830 0 _aProject Gutenberg
_v12606
856 4 0 _uhttp://www.gutenberg.org/ebooks/12606
942 _cEB
999 _c241861
_d241861